000 00716nam a22002177a 4500
003 OSt
005 20260617161320.0
008 260617b |||||||| |||| 00| 0 eng d
020 _a9781934355022
040 _cChuka University library
050 _aLB 3011 .C73 2009
100 _aCostello, Bob
_929903
245 _aThe Restorative Practices Handbook for Teachers, Disciplinarians and Administrators
260 _aBethlehem
_bInternational Institute For Restorative Practices
_c2009
300 _a111p
650 _aSchool discipline
_917195
650 _aClassroom management
_911400
650 _aRestorative justice
_929904
700 _aJoshua Wachtel & Ted Wachtel
_929905
942 _2lcc
_cBK
_n0
999 _c24646
_d24646